000 00621nam a2200277Ia 4500
005 20260324150830.0
008 008 260324s9999 xx 000 0 eng d
020 _a9780429054419
037 _aEBOOK
040 _aCRL
040 _beng
040 _cCRL
041 _2eng
041 _aeng
084 _qCRL
100 _aRuth Benedict
_91226983
245 0 _aPatterns of Culture
260 _bTaylor and Francis
260 _c1935
365 _a
365 _b170
856 _uhttp://www.taylorfrancis.com/books/9780429054419
942 _cEBOOK
999 _c1837921
_d1837921